| 000 | 00695cam a22002411 4500 | ||
|---|---|---|---|
| 005 | 20260322212057.0 | ||
| 008 | data | ||
| 010 | _a 62020190 | ||
| 040 |
_aDLC _cDLC _dDLC |
||
| 050 | 0 | 0 |
_aG540 _b.V646 |
| 082 | 0 | 0 | _a910/.45 |
| 092 | _a910.45 V646 1962 | ||
| 100 | 1 |
_aVilliers, Alan, _d1903-1982. |
|
| 245 | 1 | 0 |
_aMen, ships, and the sea, _cAlan Villiers & National Geographic Society (U.S.). |
| 260 |
_aWashington, _bNational Geographic Society _c[1962] |
||
| 300 |
_a436 p. _billus. _c29 cm. |
||
| 490 | 0 | _aThe Story of man library | |
| 650 | 0 | _aSeafaring life. | |
| 650 | 0 |
_aShips _xHistory. |
|
| 650 | 0 |
_aNavigation _xHistory. |
|
| 710 | 2 | _aNational Geographic Society (U.S.) | |
| 001 | data | ||
| 999 |
_c1362 _d1362 |
||